Les records des Jeux Olympiques d'hiver (toutes disciplines) - Statistiques

Statistiques générales
  • Ce quiz a été pris 10 fois
  • Le résultat moyen est 17 sur 137
Statistiques - réponses
Hint Rang Indice 1 Indice 2 Indice 3 Prénom et nom % Correct
Les hommes les plus médaillés 18 Biathlon France 7 médailles Martin {Fourcade}
100%
Le plus de médailles d'or (hommes) 7 Biathlon France 5 médailles Martin {Fourcade}
100%
Les hommes les plus médaillés 1 Biathlon Norvège 13 médailles Ole Einar {Bjorndalen}
80%
Le plus de médailles d'or (hommes) 2 Biathlon Norvège 8 médailles Ole Einar {Bjorndalen}
80%
Le plus de médailles d'argent (hommes) 4 Biathlon Norvège 4 médailles Ole Einar {Bjorndalen}
80%
Le plus grand nombre de médailles d'or lors des mêmes jeux (hommes) 2 Biathlon Norvège 4 en 2002 Ole Einar {Bjorndalen}
80%
Le plus grand nombre de médailles dans des épreuves individuelles (hommes) 1 Biathlon Norvège 9 médailles Ole Einar {Bjorndalen}
80%
Le plus grand nombre de médailles d'or dans des épreuves individuelles (hommes) 2 Biathlon Norvège 5 médailles Ole Einar {Bjorndalen}
80%
Le médaillé d'or le plus âgé dans une épreuve individuelle 1 Biathlon Norvège 40 ans 12 jours Ole Einar {Bjorndalen}
80%
Les hommes les plus médaillés 10 Biathlon Norvège 8 médailles Emile {Svendsen}
50%
Les hommes les plus médaillés 5 Ski alpin Norvège 8 médailles Kjetil {Aamodt}
40%
Le plus grand nombre de médailles dans des épreuves individuelles (hommes) 3 Ski alpin Norvège 8 médailles Kjetil André {Aamodt}
40%
Le plus grand nombre de victoires consécutives dans une même épreuve (hommes) 6 Ski alpin Norvège 2 fois Kjetil André {Aamodt}
40%
Les hommes les plus médaillés 2 Ski de fond URSS 15 médailles Bjorn {Daehlie}
30%
Le plus de médailles d'or (hommes) 1 Ski de fond Norvège 8 médailles Bjorn {Daehlie}
30%
Le plus de médailles d'argent (hommes) 2 Ski de fond Norvège 4 médailles Bjorn {Daehlie}
30%
Le plus grand nombre de médailles dans des épreuves individuelles (hommes) 2 Ski de fond Norvège 9 médailles Bjorn {Daehlie}
30%
Le plus grand nombre de médailles d'or dans des épreuves individuelles (hommes) 1 Ski de fond Norvège 6 médailles Bjorn {Daehlie}
30%
Le plus grand nombre de victoires consécutives dans une même épreuve (hommes) 4 Ski de fond Norvège 2 fois Bjorn {Daehlie}
30%
Le plus de médailles d'argent (hommes) 6 Ski alpin Croatie 4 médailles Ivica {Kostelic}
30%
Le plus grand nombre de médailles d'or lors des mêmes jeux (femmes) 8 Ski alpin Croatie 3 fois en 2002 Janica {Kostelic}
30%
Les hommes les plus médaillés 8 Patinage de vitesse Etats-Unis 8 médailles Apolo Anton {Ohno}
20%
Le plus de médailles de bronze (hommes) 5 Patinage de vitesse Etats-Unis 4 médailles Apolo Anton {Ohno}
20%
Le plus de médailles d'or (hommes) 5 Patinage de vitesse Etats-Unis 5 médailles Eric {Heiden}
20%
Le plus grand nombre de médailles d'or lors des mêmes jeux (hommes) 1 Patinage de vitesse Etats-Unis 5 en 1980 Eric {Heiden}
20%
Le plus grand nombre de médailles d'or dans des épreuves individuelles (hommes) 4 Patinage de vitesse Etats-Unis 5 médailles Eric {Heiden}
20%
Les femmes les plus médaillées 1 Ski de fond Norvège 15 médailles Marit {Bjorgen}
20%
Le plus de médailles d'or (femmes) 1 Ski de fond Norvège 8 médailles Marit {Bjorgen}
20%
Le plus de médailles d'argent (femmes) 11 Ski Norvège 4 médailles Marit {Bjorgen}
20%
Le plus grand nombre de médailles d'or lors des mêmes jeux (femmes) 10 Ski de fond Norvège 3 fois en 2010 & 2014 Marit {Bjorgen}
20%
Le plus grand nombre de médailles dans des épreuves individuelles (femmes) 1 Ski de fond Norvège 9 médailles Marit {Bjorgen}
20%
Le plus grand nombre de médailles d'or dans des épreuves individuelles (femmes) 3 Ski de fond Norvège 5 médailles Marit {Bjorgen}
20%
La médaillée d'or la plus âgée dans une épreuve individuelle 1 Ski de fond Norvège 37 ans 341 jours Marit {Bjorgen}
20%
Les hommes les plus médaillés 6 Biathlon Allemagne 8 médailles Sven {Fischer}
20%
Le plus grand nombre de victoires consécutives dans une même épreuve par équipe (hommes) 2 Biathlon Allemagne 2 fois Sven {Fischer}
20%
Les hommes les plus médaillés 3 Patinage de vitesse Pays-Bas 9 médailles Sven {Kramer}
20%
Le plus grand nombre de victoires consécutives dans une même épreuve (hommes) 3 Patinage de vitesse Pays-Bas 3 fois Sven {Kramer}
20%
Le plus de médailles de bronze (femmes) 6 Ski alpin Suède 4 médailles Anja {Paerson}
10%
Les femmes les plus médaillées 8 Ski de fond Suède 9 médailles Charlotte {Kalla}
10%
Le plus de médailles d'argent (femmes) 1 Ski de fond Suède 6 médailles Charlotte {Kalla}
10%
Le plus grand nombre de médailles d'or lors des mêmes jeux (femmes) 12 Biathlon Biélorussie 3 fois en 2014 Darya {Domracheva}
10%
Le plus de médailles d'argent (hommes) 5 Patinage de vitesse Corée-du-sud 4 médailles Ho-Suk {Lee}
10%
Les femmes les plus médaillées 2 Patinage de vitesse Pays-Bas 11 médailles Ireen {Wust}
10%
Le plus de médailles d'argent (femmes) 4 Patinage de vitesse Pays-Bas 5 médailles Ireen {Wust}
10%
Le plus grand nombre de médailles dans des épreuves individuelles (femmes) 2 Patinage de vitesse Pays-Bas 9 médailles Ireen {Wust}
10%
Le plus grand nombre de médailles d'or dans des épreuves individuelles (femmes) 4 Patinage de vitesse Pays-Bas 5 médailles Ireen {Wust}
10%
Le plus grand nombre de victoires consécutives dans une même épreuve (femmes) 2 Patinage de vitesse Pays-Bas 2 fois Ireen {Wust}
10%
Les hommes les plus médaillés 7 Biathlon Allemagne 8 médailles Ricco {Gross}
10%
Le plus grand nombre de victoires consécutives dans une même épreuve par équipe (hommes) 1 Biathlon Allemagne 3 fois Ricco {Gross}
10%
Le plus de médailles de bronze (hommes) 3 Patinage de vitesse Norvège 4 médailles Roald {Larsen}
10%
Le plus grand nombre de victoires consécutives dans une même épreuve par équipe (femmes) 1 Biathlon Allemagne 2 fois Ursula {Disl}
10%
Les femmes les plus médaillées 6 Biathlon Allemagne 9 médailles Uschi {Disl}
10%
Le plus de médailles d'argent (femmes) 9 Natation Allemagne 4 médailles Uschi {Disl}
10%
La plus jeune médaillée d'or dans une épreuve par équipe 1 Patinage de vitesse Corée-du-Sud 13 ans 85 jours Yun-Li {Kim}
10%
La plus jeune médaillée dans une épreuve par équipe 1 Patinage de vitesse Corée-du-Sud 13 ans et 85 jours Yun-Mi {Kim}
10%
Le plus de médailles d'or (hommes) 4 Patinage de vitesse Finlande 5 médailles A. Class {Thunberg}
0%
Les athlètes masculins avec le plus de participations aux JO d'hiver 3 Luge CEI / Russie 7 fois Albert {Demtschenko}
0%
Le plus de médailles d'argent (femmes) 3 Patinage de vitesse Allemagne 5 médailles Andrea {Ehrig-Schone-Mitscherlich}
0%
La plus jeune médaillée dans une épreuve individuelle 1 Patinage de vitesse Allemagne 15 ans 68 jours Andrea {Mitscherlich}
0%
La médaillée d'or la plus âgée dans une épreuve par équipe 1 Curling Suède 43 ans 108 jours Anette {Norberg}
0%
Les femmes les plus médaillées 12 Patinage de vitesse Italie 8 médailles Arianna {Fontana}
0%
Le plus de médailles de bronze (femmes) 2 Patinage de vitesse Italie 5 médailles Arianna {Fontana}
0%
Le plus grand nombre de victoires consécutives dans une même épreuve (femmes) 3 Patinage de vitesse Italie 2 fois Arianna {Fontana}
0%
Le plus grand nombre de victoires consécutives dans une même épreuve (hommes) 5 Luge Italie 2 fois Armin {Zoggeler}
0%
Les hommes les plus médaillés 11 Patinage de vitesse Finlande 7 médailles Arnold Clas {Thunberg}
0%
Les hommes les plus médaillés 13 Bobsleigh Allemagne 7 médailles Bogdan {Musiol}
0%
Le plus de médailles d'argent (hommes) 1 Bobsleigh Allemagne 5 médailles Bogdan {Musiol}
0%
Le plus de médailles d'or (femmes) 4 Patinage de vitesse Etats-Unis 5 médailles Bonnie {Blair}
0%
Le plus grand nombre de médailles d'or dans des épreuves individuelles (femmes) 2 Patinage de vitesse Etats-Unis 5 médailles Bonnie {Blair}
0%
Le médaillé le plus âgé dans une épreuve par équipe 1 Curling Suèdois 58 ans 157 jours Carl August {Kronlund}
0%
La médaillée la plus âgée dans une épreuve par équipe 1 Curling Canada 45 ans 143 jours Cheryl {Noble}
0%
Le plus grand nombre de médailles d'or dans des épreuves individuelles (hommes) 3 Patinage de vitesse Finlande 5 médailles Clas {Thunberg}
0%
Les femmes les plus médaillées 7 Patinage de vitesse Allemagne 9 médailles Claudia {Pechstein}
0%
Le plus de médailles d'or (femmes) 6 Patinage de vitesse Allemagne 5 médailles Claudia {Pechstein}
0%
Les athlètes féminines avec le plus de participations aux JO d'hiver 2 Patinage de vitesse Allemagne 7 fois Claudia {Pechstein}
0%
Le plus grand nombre de médailles dans des épreuves individuelles (femmes) 4 Patinage de vitesse Allemagne 8 médailles Claudia {Pechstein}
0%
Le plus grand nombre de victoires consécutives dans une même épreuve (femmes) 1 Patinage de vitesse Allemagne 3 fois Claudia {Pechstein}
0%
Les hommes les plus médaillés 14 Ski de fond Finlande 7 médailles Eero {Mantyranta}
0%
Les hommes les plus médaillés 17 Combiné nordique Allemagne 7 médailles Felix {Gottwald}
0%
Le plus de médailles de bronze (femmes) 5 Ski de fond Italie 4 médailles Gabriella {Paruzzi}
0%
Les femmes les plus médaillées 10 Ski de fond URSS 8 médailles Galina {Kulakova}
0%
Le plus grand nombre de victoires consécutives dans une même épreuve par équipe (femmes) 2 Ski de fond Russie 2 fois Galina {Kulakova}
0%
Le plus grand nombre de médailles d'or lors des mêmes jeux (femmes) 3 Ski de fond URSS 3 fois en 1972 Gelina {Kulalova}
0%
Le médaillé le plus âgé dans une épreuve individuelle 1 Patinage artistique Royaume-Uni 44 ans 176 jours George {Hall-Say}
0%
Le plus grand nombre de victoires consécutives dans une même épreuve (hommes) 1 Luge Allemagne 3 fois Georg {Hacki}
0%
Le plus grand nombre de victoires consécutives dans une même épreuve (hommes) 2 Patinage artistique Suède 3 fois Gillis {Grafstrom}
0%
Les femmes les plus médaillées 9 Patinage de vitesse Allemagne 8 médailles Gunda {Niemann-Stirnemann}
0%
Le plus de médailles d'argent (femmes) 6 Patinage de vitesse Allemagne 4 médailles Gunda {Niemann-Stirnemann}
0%
Le plus grand nombre de médailles dans des épreuves individuelles (femmes) 5 Patinage de vitesse Allemagne 8 médailles Gunda {Niemann-Stirnemann}
0%
Le plus de médailles de bronze (hommes) 1 Ski de fond Finlande 6 médailles Harri {Kirviesniemi}
0%
La médaillée la plus âgée dans une épreuve individuelle 1 Ski de fond Norvège 41 ans 101 jours Hilde {Petersen}
0%
Le plus de médailles d'argent (femmes) 8 Ski de fond Finlande 4 médailles Hilkka {Riihivuori}
0%
Les hommes les plus médaillés 16 Patinage de vitesse Norvège 7 médailles Ivar {Ballangrud}
0%
Les athlètes masculins avec le plus de participations aux JO d'hiver 2 Saut à ski Finlande 7 fois Janne {Ahonen}
0%
Les femmes les plus médaillées 11 Patinage de vitesse Allemagne 8 médailles Karin {Enke}
0%
Le plus de médailles d'argent (femmes) 5 Patinage de vitesse Allemagne 4 médailles Karin {Enke}
0%
Le plus grand nombre de médailles dans des épreuves individuelles (femmes) 3 Patinage de vitesse Allemagne 8 médailles Karin {Enke}
0%
Le plus de médailles d'argent (femmes) 10 Ski de fond Tchécoslovaquie 4 médailles Katerina {Neumannova}
0%
Le plus grand nombre de médailles d'or lors des mêmes jeux (femmes) 2 Ski de fond URSS 3 fois en 1960 & 1964 Klavdiya {Boyarskikh}
0%
Le plus de médailles d'or (femmes) 5 Ski de fond Russie 5 médailles Larissa {Lazutina}
0%
Le plus grand nombre de médailles d'or lors des mêmes jeux (femmes) 7 Ski de fond Russie 3 fois en 1998 Larissa {Lazutina}
0%
Le plus de médailles d'or (femmes) 2 Patinage de vitesse URSS 6 médailles Lydia {Skoblikova}
0%
Le plus grand nombre de médailles d'or lors des mêmes jeux (femmes) 1 Patinage de vitesse URSS 4 fois en 1964 Lydia {Skoblikova}
0%
Le plus grand nombre de médailles d'or dans des épreuves individuelles (femmes) 1 Patinage de vitesse URSS / Russie 6 médailles Lydia {Skoblikova}
0%
Les femmes les plus médaillées 5 Ski de fond Russie 9 médailles Lyubov {Egorova}
0%
Le plus de médailles d'or (femmes) 3 Ski de fond Russie 6 médailles Lyubov {Egorova}
0%
Le plus grand nombre de médailles d'or lors des mêmes jeux (femmes) 6 Ski de fond Russie 2 fois en 1992 & 1994 Lyubov {Egorova}
0%
Le plus grand nombre de victoires consécutives dans une même épreuve (femmes) 4 Ski de fond Russie 2 fois Lyubov {Yegorova}
0%
Le plus de médailles de bronze (femmes) 4 Ski de fond Finlande 4 médailles Marja-Liisa {Kirvesniemi-Haemaelaeinen}
0%
Le plus grand nombre de médailles d'or lors des mêmes jeux (femmes) 4 Ski de fond Finlande 3 fois en 1984 Marja-Liisa {Kirvesniemi-Haemaelaeinen}
0%
Le plus de médailles de bronze (hommes) 2 Ski de fond Finlande 4 médailles Mika {Myllylae}
0%
Les athlètes masculins avec le plus de participations aux JO d'hiver 1 Saut à ski Japon 8 fois Noriaki {Kasai}
0%
Les femmes les plus médaillées 3 Ski de fond URSS 10 médailles Raisa {Smetanina}
0%
Le plus de médailles d'argent (femmes) 2 Ski de fond URSS 5 médailles Reisa {Smetanina}
0%
Le plus de médailles de bronze (hommes) 4 Patinage de vitesse Pays-Bas 4 médailles Rintje {Ritsma}
0%
Le médaillé d'or le plus âgé dans une épreuve par équipe 1 Curling Royaume-Uni 54 ans 102 jours Robin {Welsh}
0%
Le plus jeune médaillé dans une épreuve individuelle 1 Patinage artistique Etats-Unis 14 ans 363 jours Scott {Allen}
0%
Les athlètes féminines avec le plus de participations aux JO d'hiver 1 Patinage de vitesse Japon 7 fois Seiko {Hashimoto}
0%
Les athlètes masculins avec le plus de participations aux JO d'hiver 4 Saut à ski Suisse 7 fois Simon {Amman}
0%
Les hommes les plus médaillés 4 Ski de fond Suède 9 médailles Sixten {Jernberg}
0%
Les femmes les plus médaillées 4 Natation Italie 10 médailles Stefania {Belmondo}
0%
Le plus de médailles de bronze (femmes) 1 Ski de fond Italie 5 médailles Stefania {Belmondo}
0%
Le plus grand nombre de médailles d'or lors des mêmes jeux (femmes) 9 Patinage de vitesse Corée-du-Sud 3 fois en 2006 Sun-Yu {Jin}
0%
La plus jeune médaillée d'or dans une épreuve individuelle 1 Patinage artistique Etats-Unis 15 ans 255 jours Tara {Lipinski}
0%
Le plus de médailles d'or (hommes) 6 Ski de fond Norvège 5 médailles Thomas {Alsgaard}
0%
Le plus jeune médaillé dans une épreuve par équipe 1 Saut à ski Finlande 16 ans 259 jours Toni {Nieminen}
0%
Le plus jeune médaillé d'or dans une épreuve individuelle 1 Saut à ski Finlande 16 ans 261 jours Toni {Nieminen}
0%
Le plus jeune médaillé d'or dans une épreuve par équipe 1 Saut à ski Finlande 16 ans 259 jours Toni {Nieminen}
0%
Les hommes les plus médaillés 15 Ski de fond Finlande 7 médailles Veikko {Hakulinen}
0%
Les hommes les plus médaillés 9 Patinage de vitesse Corée-du-Sud / Russie 8 médailles Victor {An}
0%
Le plus de médailles d'or (hommes) 3 Patinage de vitesse Corée-du-Sud / Russie 6 médailles Victor {An}
0%
Les hommes les plus médaillés 12 Ski de fond URSS / CEI / Kazakhstan 7 médailles Vladimir {Smirnov}
0%
Le plus de médailles d'argent (hommes) 3 Ski de fond URSS / Kazakhstan 4 médailles Vladimir {Smirnov}
0%
Le plus grand nombre de médailles d'or lors des mêmes jeux (femmes) 11 Patinage de vitesse Chine 3 fois en 2010 Wang {Meng}
0%
Le plus de médailles d'argent (femmes) 7 Patinage de vitesse Chine 4 médailles Yang {Yang}
0%
Le plus de médailles de bronze (femmes) 3 Ski de fond Russie 4 médailles Yelena {Valbe}
0%
Le plus grand nombre de médailles d'or lors des mêmes jeux (femmes) 5 Patinage de vitesse Pays-Bas 3 fois en 1988 Yvonne {Van Gennip}
0%
Aucun quiz correspondant
Distribution des résultats
% des personnes avec chaque résultat
Percentile par nombre de réponses
Votre historique - résultats
Vous n’avez pas pris ce quiz